000 01062nam a2200277Ia 4500
001 Para_10085
003 CHAP
008 220125sMayo xx 000 0 und d
010 _a208775
040 _cCHAP
090 _aPA CD - TESIS 164
100 _aOrozco Cruz, Angel Antonio
_983667
245 _aLínea base de bactericidas y sensibilidad in vitro de Clavibacter michiganensis subsp. michiganensis causante del cancro bacteriano de jitomate (Solanum lycopersicum) /
_c Angel Antonio Orozco Cruz; Director Luciano Martínez Bolaños
260 _aChapingo, Méx. :
_b el autor
300 _a1 CDS ROM (24 p.)
502 _aTesis (Ing. Agr. Esp. en Parasitología Agrícola). UACh. Departamento Parasitología Agrícola
700 _aMartínez Bolaños, Luciano. Director
_9175116
710 _aUACh. Departamento Parasitología Agrícola
_9164025
901 _aPA CD - TESIS 164
902 _aM
905 _a513220Mayo, 2012 abnm8100000000 06
910 _aMayo
942 _cPARA
942 _cPARA
_d2
999 _c208775
_d208775